Filologie in de Dertiende eeuw:De Bursarii super Ovidios van Magister Willem van Orléans (fl.1200 AD) = Philology in the thirteenth century: The Bursarii super Ovidios of master William of Orléans (fl. 1200 AD) = Filologie ve 13. století: Burziány na texty Ovidia Mistra Viléma Orleánského (fl. 1200 AD) : Inleiding, editie en commentaar /

Další autoři: Engelbrecht, Wilken, 1962-
Jazyk: Nizozemština
Vydáno: Olomouc : Palacký Universiteit, 2003
Témata:
Fyzický popis: xii, 414 s. : il., mapa ; 30 cm
Knihy
Uloženo v:
LEADER 01877nam a2200397 a 4500
001 000675222
003 CZ BrMZK
005 20100503124059.0
007 ta
008 030625s2003 xr ab f m 000 0 dut d
020 |a 80-244-0641-1  |q (brož.) 
040 |a BOA001  |b cze 
041 0 |a dut  |b eng  |b cze 
043 |a e-fr--- 
045 |a p-q- 
072 7 |a 80  |x Filologie  |2 Konspekt  |9 11 
080 |a 80(=124+14)  |2 MRF 
080 |a (44)  |2 MRF 
080 |a (043.3)  |2 MRF 
245 0 0 |a Filologie in de Dertiende eeuw:De Bursarii super Ovidios van Magister Willem van Orléans (fl.1200 AD) =  |b Philology in the thirteenth century: The Bursarii super Ovidios of master William of Orléans (fl. 1200 AD) = Filologie ve 13. století: Burziány na texty Ovidia Mistra Viléma Orleánského (fl. 1200 AD) : Inleiding, editie en commentaar /  |c [Wilken Engelbrecht]. Deel 1,Inleiding en commentaar 
246 3 1 |a Inleiding en commentaar 
246 3 1 |a Philology in the thirteenth century: The Bvrsarii svper Ovidios of master William of Orléans (fl. 1200 AD) 
246 3 |a Filologie ve 13. století: Burziány na texty Ovidia Mistra Viléma Orleánského (fl. 1200 AD) 
260 |a Olomouc :  |b Palacký Universiteit,  |c 2003 
300 |a xii, 414 s. :  |b il., mapa ;  |c 30 cm 
500 |a Souběžné názvy 
500 |a Anglické a české resumé 
504 |a Obsahuje bibliografii, bibliografické odkazy a rejstřík 
600 1 7 |a Orléans, Guillaume,  |d 12./13. stol.  |t Versus bursarii  |7 aun2006373281  |2 czenas 
648 4 |a 12.-13. stol. 
650 0 7 |a klasická filologie  |7 ph121598  |z Francie  |y 12.-13. stol.  |2 czenas 
655 7 |a disertace  |7 fd132024  |2 czenas 
700 1 |a Engelbrecht, Wilken,  |d 1962-  |7 jo20000070954  |4 aut 
910 |a BOA001  |b M3-1121.388,1 
990 |a BK 
996 6 |b 2610194462  |c M3-1121.388,1  |l MZK  |r Sklad / do 24 hodin  |n 0  |p p.v.  |w 000675222  |u 000010  |a 1  |e BOA001  |j MZK50  |s P